girl n names - Statistics

General Stats
  • This quiz has been taken 59 times
  • The average score is 7 of 15
Answer Stats
"N" Answer % Correct
n nancy
78%
n natalie
76%
n nina
70%
n nora
70%
n nicole
62%
n nadia
59%
n naomi
59%
n natasha
57%
n natalia
43%
n noelle
41%
n nova
32%
n nila
14%
n nya
14%
n nevaeh
8%
n nillie
5%
No matching quizzes found
Score Distribution
Percent of People with Each Score
Percentile by Number Answered
Your Score History
You have not taken this quiz